[Event "FBL 1"]
[Site "?"]
[Date "2017.01.21"]
[Round "3.2"]
[White "Zhao, Xue"]
[Black "Socko, Monika"]
[Result "1-0"]
[WhiteElo "2505"]
[BlackElo "2452"]
[PlyCount "81"]
[EventDate "2016.10.22"]
[EventType "team-tourn"]
[EventCountry "GER"]
[WhiteTeam "Koenigshofen Bad SC"]
[BlackTeam "Hamburger SK"]
[WhiteTeamCountry "GER"]
[BlackTeamCountry "GER"]

1. d4 Nf6 2. c4 g6 3. f3 Bg7 4. e4 d6 5. Be3 O-O 6. Ne2 Nc6 7. Na3 e5 8. d5 Ne7
9. c5 Ne8 10. Nc4 f5 11. Nc3 Kh8 12. b4 fxe4 13. fxe4 Ng8 14. Be2 Bh6 15. Bf2
Qe7 16. O-O Bd7 17. a4 Ngf6 18. Bf3 Bg5 19. Nb5 Bxb5 20. axb5 Ng7 21. Ra3 Nfh5
22. Qa1 Nf4 23. b6 cxb6 24. cxd6 Qd8 25. Rxa7 Rxa7 26. Qxa7 Nh3+ 27. gxh3 Rxf3
28. Nxe5 Rf8 29. Qxb6 Qc8 30. d7 Qa8 31. Qa5 Qb8 32. Bg3 Rxf1+ 33. Kxf1 Qf8+
34. Kg2 Kg8 35. Qb6 Nh5 36. Nf3 Bd8 37. Qe6+ Kg7 38. Qe8 Nf6 39. Be5 h6 40. Nd4
Qxb4 41. Ne6+ 1-0

[Event "FBL 1"]
[Site "?"]
[Date "2017.01.21"]
[Round "3.3"]
[White "Pourkashiyan, Atousa"]
[Black "Girya, Olga"]
[Result "1/2-1/2"]
[WhiteElo "2303"]
[BlackElo "2458"]
[PlyCount "68"]
[EventDate "2016.10.22"]
[EventType "team-tourn"]
[EventCountry "GER"]
[WhiteTeam "Hamburger SK"]
[BlackTeam "Koenigshofen Bad SC"]
[WhiteTeamCountry "GER"]
[BlackTeamCountry "GER"]

1. e4 c6 2. d4 d5 3. Nd2 dxe4 4. Nxe4 Bf5 5. Ng3 Bg6 6. h4 h6 7. Nf3 e6 8. Ne5
Bh7 9. Bd3 Bxd3 10. Qxd3 Nd7 11. f4 Be7 12. Bd2 Nxe5 13. fxe5 Bxh4 14. O-O-O
Bxg3 15. Qxg3 Ne7 16. Qxg7 Rg8 17. Qxh6 Qd5 18. Kb1 Qxg2 19. Qh7 Nf5 20. Ba5 b6
21. Bc3 Rd8 22. a3 Rg7 23. Qh5 Rg6 24. Rh2 Qg4 25. Qxg4 Rxg4 26. Rh8+ Kd7 27.
Rxd8+ Kxd8 28. b3 a5 29. a4 Rg2 30. Rd3 Rg1+ 31. Kb2 Rg4 32. Ka2 Rg2 33. Kb1
Rg1+ 34. Ka2 Rg2 1/2-1/2

[Event "FBL 1"]
[Site "?"]
[Date "2017.01.21"]
[Round "3.4"]
[White "Savina, Anastasia"]
[Black "Fuchs, Judith"]
[Result "1-0"]
[WhiteElo "2372"]
[BlackElo "2276"]
[PlyCount "85"]
[EventDate "2016.10.22"]
[EventType "team-tourn"]
[EventCountry "GER"]
[WhiteTeam "Koenigshofen Bad SC"]
[BlackTeam "Hamburger SK"]
[WhiteTeamCountry "GER"]
[BlackTeamCountry "GER"]

1. Nf3 Nf6 2. c4 c5 3. g3 b6 4. Bg2 Bb7 5. O-O g6 6. Nc3 Bg7 7. Re1 d6 8. e3
O-O 9. d4 a6 10. d5 b5 11. e4 Ng4 12. h3 Ne5 13. Nxe5 Bxe5 14. cxb5 axb5 15.
Nxb5 Ba6 16. Nc3 Nd7 17. Qc2 Qc7 18. b3 Rab8 19. Rb1 Rfc8 20. Bd2 Bg7 21. a4
Ne5 22. Re3 Nd7 23. Bf1 Bxf1 24. Kxf1 Bd4 25. Ree1 Qb6 26. Nb5 Ne5 27. Kg2 e6
28. dxe6 fxe6 29. Bf4 c4 30. bxc4 Qc5 31. Nxd4 Qxd4 32. Bxe5 Qxe5 33. Qd3 Rd8
34. Rb5 Rxb5 35. cxb5 d5 36. Rd1 d4 37. b6 Qc5 38. Rb1 Rb8 39. Rb5 Qd6 40. a5
Kg7 41. b7 Kg8 42. Rb6 Qc5 43. Qb5 1-0

[Event "FBL 1"]
[Site "?"]
[Date "2017.01.21"]
[Round "3.5"]
[White "Baciu, Diana"]
[Black "Belenkaya, Dina"]
[Result "0-1"]
[WhiteElo "2289"]
[BlackElo "2319"]
[PlyCount "118"]
[EventDate "2016.10.22"]
[EventType "team-tourn"]
[EventCountry "GER"]
[WhiteTeam "Hamburger SK"]
[BlackTeam "Koenigshofen Bad SC"]
[WhiteTeamCountry "GER"]
[BlackTeamCountry "GER"]

1. e4 c6 2. Nc3 d5 3. Nf3 dxe4 4. Nxe4 Nf6 5. Nxf6+ exf6 6. Bc4 Bd6 7. Qe2+ Qe7
8. Qxe7+ Kxe7 9. O-O Rd8 10. Re1+ Kf8 11. h3 Bf5 12. c3 Nd7 13. d4 Nb6 14. Bb3
Nd5 15. Nh4 Bd7 16. c4 Nf4 17. Bc2 g6 18. Nf3 b5 19. b3 Be6 20. g3 Nxh3+ 21.
Kg2 Ng5 22. Bxg5 fxg5 23. Nxg5 Bg4 24. Nxh7+ Kg7 25. Ng5 Bb4 26. Rh1 f6 27.
Rh7+ Kg8 28. Rh4 Rxd4 29. Ne4 f5 30. Rah1 Kf7 31. Rh7+ Ke6 32. Ng5+ Kd6 33. Rg7
Rd2 34. Rxg6+ Kc7 35. Bb1 bxc4 36. bxc4 Kb6 37. Ne6 Re8 38. c5+ Ka5 39. Rh7 a6
40. Ra7 Rxe6 41. Rxe6 Bxc5 42. Re5 Rxf2+ 43. Kg1 Rc2+ 44. Rxc5+ Rxc5 45. Bd3
Rc3 46. Rxa6+ Kb4 47. Rb6+ Ka3 48. Ra6+ Kb2 49. Bf1 Rxg3+ 50. Kh2 Rc3 51. a4
Bf3 52. Rb6+ Ka3 53. a5 Rc1 54. Bd3 f4 55. Rb1 Rxb1 56. Bxb1 c5 57. a6 c4 58.
a7 c3 59. Bf5 Kb2 0-1

[Event "FBL 1"]
[Site "?"]
[Date "2017.01.21"]
[Round "3.6"]
[White "Zakurdjaeva, Irina"]
[Black "Rogozenco, Teodora"]
[Result "0-1"]
[WhiteElo "2254"]
[BlackElo "2017"]
[PlyCount "102"]
[EventDate "2016.10.22"]
[EventType "team-tourn"]
[EventCountry "GER"]
[WhiteTeam "Koenigshofen Bad SC"]
[BlackTeam "Hamburger SK"]
[WhiteTeamCountry "GER"]
[BlackTeamCountry "GER"]

1. e4 e5 2. Nf3 Nc6 3. Bb5 a6 4. Ba4 Nf6 5. O-O Be7 6. Re1 b5 7. Bb3 O-O 8. h3
d5 9. exd5 Nxd5 10. Nxe5 Nxe5 11. Rxe5 Bb7 12. d4 Bf6 13. Re1 Qd6 14. Nc3 Nxc3
15. bxc3 c5 16. dxc5 Qc6 17. Qg4 Bxc3 18. Be3 Rae8 19. Rad1 Bxe1 20. Rxe1 Kh8
21. Qg3 f5 22. f4 Rf6 23. Qf3 Qxf3 24. gxf3 Bxf3 25. Kf2 Ba8 26. Rg1 Rd8 27. c3
Rg6 28. Rxg6 hxg6 29. Bd4 Bd5 30. Bxd5 Rxd5 31. c6 Rd6 32. c7 Rc6 33. Be5 Kg8
34. Kg3 Kh7 35. Kf3 Kh6 36. h4 Rc4 37. Kf2 Kh7 38. Ke3 Kg8 39. Kd3 Kf7 40. a4
Ke6 41. axb5 axb5 42. Ke3 Kd7 43. Bxg7 Kxc7 44. Kf3 Kc6 45. Kg3 Kd5 46. Be5 Re4
47. Bf6 Re3+ 48. Kf2 Ke4 49. Bg7 Rh3 50. Bf6 Kxf4 51. Kg2 Kg4 0-1

[Event "FBL 1"]
[Site "?"]
[Date "2017.01.21"]
[Round "3.1"]
[White "Sieber, Fiona"]
[Black "Boric, Elena"]
[Result "1-0"]
[WhiteElo "2203"]
[BlackElo "2224"]
[PlyCount "201"]
[EventDate "2016.10.22"]
[EventType "team-tourn"]
[EventCountry "GER"]
[WhiteTeam "Lehrte SK"]
[BlackTeam "Muenchen FC Bayern"]
[WhiteTeamCountry "GER"]
[BlackTeamCountry "GER"]

1. e4 Nf6 2. e5 Nd5 3. d4 d6 4. c4 Nb6 5. exd6 cxd6 6. d5 e5 7. Nc3 Be7 8. Bd3
O-O 9. Nge2 f5 10. b3 N8d7 11. f4 Bh4+ 12. g3 e4 13. Bc2 Bf6 14. O-O Nc5 15.
Be3 Bd7 16. Rc1 Rc8 17. Nd4 Qe7 18. Bb1 Rfe8 19. Ncb5 a6 20. Nc3 g6 21. Kh1 Qg7
22. Nce2 h5 23. b4 Nd3 24. Bxd3 exd3 25. Qxd3 Nxc4 26. Bf2 b5 27. Rc2 Qf7 28.
Nc3 Na3 29. Rd2 Nc4 30. Rc2 Re7 31. a4 bxa4 32. Kg1 Na3 33. Ra2 Nb5 34. Ncxb5
axb5 35. Nxb5 Bxb5 36. Qxb5 Rb7 37. Qxa4 Qxd5 38. Rd1 Qe6 39. Rad2 Be7 40. b5
Qc4 41. Qxc4+ Rxc4 42. b6 Kf7 43. Ra2 Ke6 44. Ra7 Rb8 45. Re1+ Re4 46. Rc1 Rb4
47. Re1+ Re4 48. Rb1 Rc4 49. Kf1 Bd8 50. b7 Rc7 51. Ra8 Rbxb7 52. Rxb7 Rxb7 53.
Rxd8 Rb1+ 54. Kg2 Rb2 55. Kf3 Rb3+ 56. Be3 Ra3 57. Ke2 Ra2+ 58. Bd2 Ra3 59.
Rxd6+ Kf7 60. Bb4 Rb3 61. Bc5 h4 62. gxh4 Rh3 63. Rd7+ Ke6 64. Re7+ Kf6 65. Rh7
Rxh2+ 66. Kf3 Ke6 67. Be7 Kd5 68. Rg7 Rh3+ 69. Kf2 Rh2+ 70. Kg3 Re2 71. Bg5
Re3+ 72. Kf2 Re6 73. Rd7+ Kc4 74. Rf7 Ra6 75. Rf6 Ra2+ 76. Ke3 Ra3+ 77. Kd2
Ra2+ 78. Kc1 Kc3 79. Rc6+ Kd3 80. Rxg6 Rh2 81. Rd6+ Ke4 82. Rd2 Rh1+ 83. Kc2
Kf3 84. Rd5 Kg4 85. Kc3 Rh2 86. Kd4 Rh1 87. Ke5 Re1+ 88. Kf6 Ra1 89. Rd6 Ra8
90. Kg6 Rg8+ 91. Kf7 Ra8 92. Rd4 Kh5 93. Be7 Ra6 94. Rd8 Ra4 95. Rh8+ Kg4 96.
Bd6 Ra6 97. Ke6 Ra5 98. h5 Ra7 99. h6 Kh5 100. Kxf5 Rf7+ 101. Ke6 1-0

[Event "FBL 1"]
[Site "?"]
[Date "2017.01.21"]
[Round "3.2"]
[White "Stangl, Anita"]
[Black "Krasnodebska, Magdalena"]
[Result "1/2-1/2"]
[WhiteElo "2074"]
[BlackElo "2084"]
[PlyCount "139"]
[EventDate "2016.10.22"]
[EventType "team-tourn"]
[EventCountry "GER"]
[WhiteTeam "Muenchen FC Bayern"]
[BlackTeam "Lehrte SK"]
[WhiteTeamCountry "GER"]
[BlackTeamCountry "GER"]

1. e4 c5 2. Nf3 e6 3. d4 cxd4 4. Nxd4 Nf6 5. Nc3 Nc6 6. a3 Be7 7. Bc4 O-O 8.
O-O a6 9. Nde2 b5 10. Ba2 Bb7 11. Ng3 Rc8 12. f4 e5 13. Nd5 exf4 14. Bxf4 Nxd5
15. exd5 Bc5+ 16. Kh1 Ne7 17. b4 Ba7 18. Bd6 Bb8 19. Ne4 Kh8 20. Qh5 f5 21. Ng5
h6 22. Bxb8 Qe8 23. Qxe8 Rcxe8 24. Bd6 hxg5 25. Rae1 Nxd5 26. Bxf8 Rxf8 27. Re5
Nf4 28. Rf2 Be4 29. Rc5 Rf6 30. Rd2 Bc6 31. Kg1 g6 32. Kf1 Kg7 33. g3 Ne6 34.
Re5 f4 35. g4 Nc7 36. Re7+ Kf8 37. Re5 Kg7 38. Rd3 f3 39. Kf2 Rf4 40. h3 Kf6
41. Ree3 Kg7 42. Re7+ Kf8 43. Rh7 Rf6 44. Rh8+ Ke7 45. Rc8 Ne6 46. Bd5 Bxd5 47.
Rxd5 Nf4 48. Re5+ Kd6 49. Re3 Nxh3+ 50. Kf1 Nf4 51. Rxf3 Ke5 52. Re8+ Kd4 53.
c3+ Kd5 54. Re7 d6 55. Kf2 Nd3+ 56. Ke3 Rxf3+ 57. Kxf3 Ne5+ 58. Kg3 Kc6 59. Ra7
Kb6 60. Rg7 Kc6 61. Kg2 Nxg4 62. Rxg6 Ne3+ 63. Kf3 Nd1 64. Rg8 Kb6 65. Rxg5
Nxc3 66. Rg3 a5 67. Rh3 axb4 68. axb4 Kc6 69. Rh5 Nd5 70. Rh4 1/2-1/2

[Event "FBL 1"]
[Site "?"]
[Date "2017.01.21"]
[Round "3.3"]
[White "Schulze, Lara"]
[Black "Dirmeier, Carolin"]
[Result "1-0"]
[WhiteElo "1920"]
[BlackElo "2029"]
[PlyCount "121"]
[EventDate "2016.10.22"]
[EventType "team-tourn"]
[EventCountry "GER"]
[WhiteTeam "Lehrte SK"]
[BlackTeam "Muenchen FC Bayern"]
[WhiteTeamCountry "GER"]
[BlackTeamCountry "GER"]

1. e4 c5 2. Nf3 Nc6 3. d4 cxd4 4. Nxd4 Nf6 5. Nc3 e5 6. Ndb5 d6 7. Bg5 a6 8.
Na3 b5 9. Nd5 Be7 10. Bxf6 Bxf6 11. c4 b4 12. Nc2 a5 13. g3 O-O 14. Bg2 Rb8 15.
O-O b3 16. axb3 Rxb3 17. Ra2 Bg5 18. Nce3 Nd4 19. f4 Bh6 20. Rf2 Be6 21. Nf5
Bxf5 22. exf5 f6 23. Rd2 Qb8 24. Rxd4 exd4 25. Qxd4 Kh8 26. Be4 Re8 27. Kf2 Rb7
28. Bc2 Qa7 29. Qxa7 Rxa7 30. b4 Rc8 31. Bd3 a4 32. b5 a3 33. Ke3 Rb8 34. Kd4
Ra4 35. Nc3 Raa8 36. Nb1 Kg8 37. Rxa3 Kf7 38. Be4 Rxa3 39. Nxa3 g6 40. Kd5 Ra8
41. Nc2 g5 42. fxg5 Bxg5 43. Kxd6 Ra2 44. b6 Bd2 45. b7 Bc3 46. Kc7 Be5+ 47.
Kc8 Rb2 48. c5 Rb5 49. c6 Rc5 50. Nb4 Bd6 51. Na6 Re5 52. Nc7 Rxe4 53. b8=Q Re7
54. Qb3+ Kf8 55. Ne6+ Kf7 56. c7 Ke8 57. Qb5+ Kf7 58. Qd5 Be5 59. Kb7 h5 60.
Kb6 Re8 61. Nd8+ 1-0

[Event "FBL 1"]
[Site "?"]
[Date "2017.01.21"]
[Round "3.4"]
[White "Ankerst, Milka"]
[Black "Duessler, Stefanie"]
[Result "1/2-1/2"]
[WhiteElo "2074"]
[BlackElo "2081"]
[PlyCount "142"]
[EventDate "2016.10.22"]
[EventType "team-tourn"]
[EventCountry "GER"]
[WhiteTeam "Muenchen FC Bayern"]
[BlackTeam "Lehrte SK"]
[WhiteTeamCountry "GER"]
[BlackTeamCountry "GER"]

1. e4 c5 2. Nf3 e6 3. d4 cxd4 4. Nxd4 Nc6 5. Nc3 Qc7 6. Be2 a6 7. O-O Nf6 8.
Kh1 Bb4 9. Nxc6 dxc6 10. Qd4 c5 11. Qe3 e5 12. Qg3 Qe7 13. Nd5 Nxd5 14. exd5
O-O 15. a4 Ba5 16. Bc4 Bc7 17. Re1 Kh8 18. b3 Qd6 19. Bb2 f6 20. Rad1 Bf5 21.
Bd3 Bxd3 22. Rxd3 b5 23. c4 Rab8 24. axb5 axb5 25. Bc3 Rb7 26. Qh4 bxc4 27.
bxc4 Rfb8 28. Rh3 h6 29. Qe4 Qf8 30. g4 Bd6 31. Bd2 Rf7 32. Qg6 Rbb7 33. Rh5
Qd8 34. Re3 Bf8 35. Rf3 Qb6 36. Rxe5 Qb2 37. Re2 Qa1+ 38. Re1 Qd4 39. Rd3 Qxc4
40. Kg2 Rbd7 41. Qf5 Qb5 42. Re8 Kg8 43. Bf4 c4 44. Rd1 c3 45. Rc8 Qb4 46. Rc1
Qb7 47. R1xc3 Rxd5 48. Qe4 Rd4 49. Qxb7 Rxb7 50. Kf3 Rbd7 51. Be3 R4d5 52. Bc5
Rd8 53. Be3 Kf7 54. R3c7+ R8d7 55. h4 g6 56. Rc6 h5 57. Ra8 Be7 58. Rac8 Re5
59. R6c7 hxg4+ 60. Kxg4 f5+ 61. Kh3 Red5 62. Bg5 Rd3+ 63. Kg2 Ke6 64. Rc6+ Kf7
65. Ra6 R3d4 66. Bxe7 Rxe7 67. Rcc6 Rg4+ 68. Kh3 Re1 69. Rc7+ Kf8 70. Ra8+ Re8
71. Raa7 Re1 1/2-1/2

[Event "FBL 1"]
[Site "?"]
[Date "2017.01.21"]
[Round "3.5"]
[White "Zschischang, Marine"]
[Black "Spiel, Marianne"]
[Result "1-0"]
[WhiteElo "2045"]
[BlackElo "1931"]
[PlyCount "91"]
[EventDate "2016.10.22"]
[EventType "team-tourn"]
[EventCountry "GER"]
[WhiteTeam "Lehrte SK"]
[BlackTeam "Muenchen FC Bayern"]
[WhiteTeamCountry "GER"]
[BlackTeamCountry "GER"]

1. e4 e6 2. c4 d5 3. exd5 exd5 4. cxd5 Nf6 5. Nc3 Nxd5 6. Bc4 Nb6 7. Bb3 Nc6 8.
Nf3 Bg4 9. O-O Be7 10. d4 O-O 11. Be3 Bf6 12. Bc2 g6 13. h3 Bxf3 14. Qxf3 Nb4
15. Bb3 c6 16. Rad1 N4d5 17. Ne4 Bg7 18. Bg5 f6 19. Bc1 Kh8 20. Nc5 Qc8 21.
Rfe1 a5 22. a4 Nc7 23. Bf4 Nbd5 24. Bxc7 Nxc7 25. Re7 Re8 26. Rf7 f5 27. Qf4
Nd5 28. Bxd5 cxd5 29. Rxb7 Re2 30. Qd6 Qe8 31. Qc7 Qg8 32. g3 Bf6 33. Nd7 Bd8
34. Qc5 Be7 35. Qb5 Re6 36. Ne5 Bf6 37. Nf7+ Kg7 38. Ne5+ Kh8 39. Qxd5 Bxe5 40.
dxe5 Qe8 41. Qd7 Qg8 42. f4 g5 43. fxg5 Rxe5 44. Qd4 Rae8 45. h4 h6 46. Re1 1-0

[Event "FBL 1"]
[Site "?"]
[Date "2017.01.21"]
[Round "3.6"]
[White "Heyne, Regina"]
[Black "Manusina, Nicole"]
[Result "0-1"]
[WhiteElo "1810"]
[BlackElo "1842"]
[PlyCount "74"]
[EventDate "2016.10.22"]
[EventType "team-tourn"]
[EventCountry "GER"]
[WhiteTeam "Muenchen FC Bayern"]
[BlackTeam "Lehrte SK"]
[WhiteTeamCountry "GER"]
[BlackTeamCountry "GER"]

1. d4 d5 2. c4 e6 3. Nf3 Be7 4. Bf4 Nf6 5. h3 O-O 6. e3 c5 7. Nc3 dxc4 8. Bxc4
a6 9. a4 Nc6 10. dxc5 Bxc5 11. O-O Qa5 12. Qe2 b6 13. Rfd1 Bb7 14. Ne5 Be7 15.
Nd7 Rfd8 16. Nxf6+ Bxf6 17. Rxd8+ Rxd8 18. Ne4 Be5 19. Bg5 Rc8 20. f4 Nb4 21.
Ng3 Bd6 22. Rd1 Qc5 23. b3 h6 24. Bh4 Bxf4 25. Nf1 Bg5 26. Bf2 Qc6 27. Bg3 Qe4
28. Rd7 Bc6 29. Rd4 Bxe3+ 30. Nxe3 Qxd4 31. Kh2 a5 32. Ng4 Qe4 33. Qf2 Bxa4 34.
Be5 Qg6 35. Qxb6 Bc6 36. Qxa5 h5 37. Nf2 Qxg2# 0-1

[Event "FBL 1"]
[Site "?"]
[Date "2017.01.21"]
[Round "3.1"]
[White "Brandt, Carina"]
[Black "Bodnaruk, Anastasia"]
[Result "0-1"]
[WhiteElo "2042"]
[BlackElo "2463"]
[PlyCount "50"]
[EventDate "2016.10.22"]
[EventType "team-tourn"]
[EventCountry "GER"]
[WhiteTeam "Norderstedt TuRa Harksheide"]
[BlackTeam "Rodewischer Schachmiezen"]
[WhiteTeamCountry "GER"]
[BlackTeamCountry "GER"]

1. e4 d6 2. d4 g6 3. Nc3 Bg7 4. f4 Nf6 5. Bd3 O-O 6. Nf3 Na6 7. h3 c5 8. d5 Nc7
9. a4 e6 10. dxe6 fxe6 11. O-O d5 12. e5 Nh5 13. Nh2 Ng3 14. Rf3 Nf5 15. b3 b6
16. Qe1 Bb7 17. g4 Nd4 18. Rf2 Qh4 19. Qf1 g5 20. Kg2 Rf7 21. Ne2 Nxe2 22. Qxe2
gxf4 23. Bxf4 d4+ 24. Be4 Nd5 25. Kh1 Nc3 0-1

[Event "FBL 1"]
[Site "?"]
[Date "2017.01.21"]
[Round "3.2"]
[White "Majdan Gajewska, Joanna"]
[Black "Sherif, Amina"]
[Result "1-0"]
[WhiteElo "2366"]
[BlackElo "2080"]
[PlyCount "75"]
[EventDate "2016.10.22"]
[EventType "team-tourn"]
[EventCountry "GER"]
[WhiteTeam "Rodewischer Schachmiezen"]
[BlackTeam "Norderstedt TuRa Harksheide"]
[WhiteTeamCountry "GER"]
[BlackTeamCountry "GER"]

1. e4 d5 2. exd5 Qxd5 3. Nc3 Qd6 4. d4 Nf6 5. Nf3 c6 6. Ne5 Nbd7 7. Nc4 Qc7 8.
a4 Nb6 9. Ne5 Nbd5 10. Nxd5 Nxd5 11. Bd3 e6 12. O-O Be7 13. Re1 O-O 14. c4 Nf6
15. Bf4 Qd8 16. c5 Nd5 17. Bd2 a5 18. Ra3 g6 19. Bh6 Re8 20. Qf3 Bf6 21. Bc4
Qe7 22. Rd3 Bh8 23. Qe4 Nf6 24. Qe2 Bg7 25. Bxg7 Kxg7 26. Rf3 Rf8 27. Qd2 Ng8
28. Qc3 f6 29. Nd3 Re8 30. Nf4 Qf7 31. Rfe3 Qc7 32. g3 Bd7 33. h4 Nh6 34. Bxe6
Rad8 35. Bxd7 Qxd7 36. Ne6+ Kg8 37. Nxd8 Rxd8 38. Re7 1-0

[Event "FBL 1"]
[Site "?"]
[Date "2017.01.21"]
[Round "3.3"]
[White "Waechter, Nathalie"]
[Black "Kochetkova, Julia"]
[Result "0-1"]
[WhiteElo "1993"]
[BlackElo "2322"]
[PlyCount "80"]
[EventDate "2016.10.22"]
[EventType "team-tourn"]
[EventCountry "GER"]
[WhiteTeam "Norderstedt TuRa Harksheide"]
[BlackTeam "Rodewischer Schachmiezen"]
[WhiteTeamCountry "GER"]
[BlackTeamCountry "GER"]

1. d4 d5 2. c4 e6 3. Nc3 Be7 4. Nf3 Nf6 5. Bg5 h6 6. Bh4 O-O 7. e3 c6 8. Qc2
Nbd7 9. cxd5 exd5 10. Bd3 Re8 11. O-O Ne4 12. Bxe7 Qxe7 13. Rab1 Ng5 14. Nxg5
hxg5 15. b4 a6 16. a4 Qd6 17. Rfd1 Nf6 18. b5 axb5 19. axb5 Ng4 20. g3 Qh6 21.
f3 Nxe3 22. Re1 Bd7 23. Qf2 Nf5 24. Rxe8+ Rxe8 25. bxc6 bxc6 26. Rb7 Qd6 27.
Bxf5 Bxf5 28. Qd2 Qe6 29. Kf2 g4 30. fxg4 Bxg4 31. Qf4 Qg6 32. Rb8 Qc2+ 33. Kg1
Bc8 34. Rxc8 Rxc8 35. Qe3 Ra8 36. Ne2 Qd1+ 37. Kg2 Ra1 38. Kh3 Qf1+ 39. Kg4 Re1
40. Qe8+ Kh7 0-1

[Event "FBL 1"]
[Site "?"]
[Date "2017.01.21"]
[Round "3.4"]
[White "Lubbe, Melanie"]
[Black "Rosmait, Emily"]
[Result "1/2-1/2"]
[WhiteElo "2353"]
[BlackElo "1880"]
[PlyCount "110"]
[EventDate "2016.10.22"]
[EventType "team-tourn"]
[EventCountry "GER"]
[WhiteTeam "Rodewischer Schachmiezen"]
[BlackTeam "Norderstedt TuRa Harksheide"]
[WhiteTeamCountry "GER"]
[BlackTeamCountry "GER"]

1. e4 e5 2. Nf3 Nc6 3. Bc4 Bc5 4. c3 Nf6 5. d3 d6 6. Bb3 O-O 7. Bg5 h6 8. Bh4
Be6 9. Nbd2 Qe7 10. Nf1 Rad8 11. Ne3 Bxe3 12. fxe3 d5 13. exd5 Bxd5 14. Bxd5
Rxd5 15. e4 Rd6 16. Qe2 Qe6 17. O-O Nh5 18. Qe3 f5 19. exf5 Qxf5 20. d4 Nf4 21.
Nxe5 Nxe5 22. Qxe5 Qxe5 23. dxe5 Rd2 24. Rf2 Ne2+ 25. Kf1 Rxb2 26. e6 Rxf2+ 27.
Bxf2 Nf4 28. e7 Kf7 29. Bc5 b6 30. Re1 Ke8 31. Bd4 Rb5 32. Bxg7 Rf5 33. Kg1
Nh3+ 34. gxh3 Rg5+ 35. Kf2 Rxg7 36. Re6 h5 37. Rh6 Rg5 38. Rh7 a5 39. Ke3 a4
40. Kd4 b5 41. a3 c6 42. c4 Rf5 43. cxb5 cxb5 44. h4 Kd7 45. Kc3 Rf3+ 46. Kb4
Rb3+ 47. Kc5 Rxa3 48. Kxb5 Ra2 49. h3 Ra3 50. Rxh5 Kxe7 51. Re5+ Kf6 52. Re4
Rxh3 53. Rxa4 Kg6 54. Kc5 Kh5 55. Kd5 Rxh4 1/2-1/2

[Event "FBL 1"]
[Site "?"]
[Date "2017.01.21"]
[Round "3.5"]
[White "Koehler, Inken"]
[Black "Korenova, Martina"]
[Result "0-1"]
[WhiteElo "1944"]
[BlackElo "2156"]
[PlyCount "168"]
[EventDate "2016.10.22"]
[EventType "team-tourn"]
[EventCountry "GER"]
[WhiteTeam "Norderstedt TuRa Harksheide"]
[BlackTeam "Rodewischer Schachmiezen"]
[WhiteTeamCountry "GER"]
[BlackTeamCountry "GER"]

1. e4 g6 2. d4 Bg7 3. c3 Nf6 4. Bd3 d6 5. Nf3 O-O 6. O-O Nc6 7. Bf4 Re8 8. Qc2
e5 9. dxe5 Nxe5 10. Nxe5 dxe5 11. Bg5 c6 12. Nd2 Qc7 13. Rad1 Be6 14. Bc4 Nh5
15. Bxe6 Rxe6 16. Nb3 b6 17. Qd3 Bf6 18. Bxf6 Nxf6 19. Rd2 c5 20. c4 Qc6 21. f3
Kg7 22. Nc1 Re7 23. Rfd1 Rd7 24. Qc3 Rad8 25. Ne2 Rxd2 26. Rxd2 Rd6 27. Qc2 Qd7
28. Rxd6 Qxd6 29. Kf2 Nd7 30. Ke3 Nf8 31. Qd3 Qe7 32. Qd5 Qg5+ 33. Kf2 Ne6 34.
g3 h5 35. h4 Qf6 36. Qd2 g5 37. hxg5 Nxg5 38. Qe3 Ne6 39. Kg2 h4 40. gxh4 Qxh4
41. Qf2 Qh5 42. Qg3+ Kf6 43. Nc3 Nf4+ 44. Kg1 Ke6 45. b3 a6 46. Qg4+ Qxg4+ 47.
fxg4 Nd3 48. Kg2 Kd6 49. Kf3 Kc6 50. Ke3 Nf4 51. Nd5 Ne6 52. Ne7+ Kd7 53. Nd5
b5 54. Kd3 Kd6 55. Ne3 Nf4+ 56. Kd2 Nh3 57. Ke2 Ng5 58. Kd3 Kc6 59. cxb5+ axb5
60. a4 c4+ 61. bxc4 bxa4 62. Nd5 Kc5 63. Ne7 Nxe4 64. Nd5 Nf2+ 65. Kc3 Nxg4 66.
Nc7 Ne3 67. Na6+ Kd6 68. Kd3 Nd1 69. Kc2 Nf2 70. Kc3 f5 71. Nb4 Ne4+ 72. Kd3
Nc5+ 73. Kc3 f4 74. Nd5 f3 75. Ne3 f2 76. Kd2 a3 77. Ke2 a2 78. Nc2 Nb3 79.
Kxf2 a1=Q 80. Nxa1 Nxa1 81. Ke3 Nb3 82. Ke4 Nc5+ 83. Kf5 e4 84. Kf4 Ke6 0-1

[Event "FBL 1"]
[Site "?"]
[Date "2017.01.21"]
[Round "3.6"]
[White "Miturova, Magdalena"]
[Black "Caliebe, Nanke"]
[Result "1-0"]
[WhiteElo "2197"]
[BlackElo "1492"]
[PlyCount "29"]
[EventDate "2016.10.22"]
[EventType "team-tourn"]
[EventCountry "GER"]
[WhiteTeam "Rodewischer Schachmiezen"]
[BlackTeam "Norderstedt TuRa Harksheide"]
[WhiteTeamCountry "GER"]
[BlackTeamCountry "GER"]

1. e4 c5 2. Nf3 Nc6 3. Bb5 a6 4. Bxc6 bxc6 5. O-O d6 6. Re1 g6 7. d4 c4 8. Na3
d5 9. Ne5 Qd6 10. exd5 cxd5 11. Naxc4 dxc4 12. Qf3 Qe6 13. Qxa8 Bg7 14. d5 Qf5
15. g4 1-0

[Event "FBL 1"]
[Site "?"]
[Date "2017.01.22"]
[Round "4.1"]
[White "Hapala, Lisa"]
[Black "Sieber, Fiona"]
[Result "0-1"]
[WhiteElo "2095"]
[BlackElo "2203"]
[PlyCount "108"]
[EventDate "2016.10.22"]
[EventType "team-tourn"]
[EventCountry "GER"]
[WhiteTeam "Augsburg SG"]
[BlackTeam "Lehrte SK"]
[WhiteTeamCountry "GER"]
[BlackTeamCountry "GER"]

1. e4 c5 2. Nf3 d6 3. d4 cxd4 4. Nxd4 Nf6 5. Nc3 Nc6 6. Bg5 e6 7. Qd2 a6 8.
O-O-O h6 9. Bxf6 Qxf6 10. Nxc6 bxc6 11. f4 Qd8 12. Be2 Be7 13. Qd4 O-O 14. g4
Rb8 15. h4 Qb6 16. Qxb6 Rxb6 17. e5 d5 18. g5 Rb4 19. Rdg1 Bc5 20. Rg3 Bf2 21.
Rg2 Be3+ 22. Kb1 Bxf4 23. gxh6 Bxh6 24. a3 Rf4 25. Bd3 c5 26. Ne2 Rf3 27. Ng3
f6 28. exf6 R8xf6 29. Nh5 Rf7 30. Rhg1 e5 31. Rg6 Kf8 32. Rd6 Bb7 33. Rd8+ Ke7
34. Rb8 Kd6 35. Rg6+ Kc7 36. Rg8 e4 37. Bxa6 Bxa6 38. Rxa6 e3 39. Rga8 Re7 40.
R8a7+ Kd8 41. Rd6+ Ke8 42. Rxe7+ Kxe7 43. Rxd5 g6 44. c4 gxh5 45. Re5+ Kd6 46.
Re8 Rf4 47. b3 Rxh4 48. Kc2 Rd4 49. b4 cxb4 50. axb4 Rxc4+ 51. Kb3 Rc7 52. Rh8
Re7 53. Rxh6+ Kd7 54. Rxh5 e2 0-1

[Event "FBL 1"]
[Site "?"]
[Date "2017.01.22"]
[Round "4.2"]
[White "Krasnodebska, Magdalena"]
[Black "Jussupow, Nadia"]
[Result "1/2-1/2"]
[WhiteElo "2084"]
[BlackElo "2163"]
[PlyCount "106"]
[EventDate "2016.10.22"]
[EventType "team-tourn"]
[EventCountry "GER"]
[WhiteTeam "Lehrte SK"]
[BlackTeam "Augsburg SG"]
[WhiteTeamCountry "GER"]
[BlackTeamCountry "GER"]

1. e4 e6 2. d4 d5 3. exd5 exd5 4. Nf3 Bd6 5. c4 Nf6 6. Bd3 O-O 7. O-O Bg4 8.
Bg5 h6 9. Bh4 Nc6 10. Be2 Be7 11. c5 g5 12. Bg3 Ne4 13. Nc3 Bf6 14. Be5 Nxe5
15. Nxe5 Bxe2 16. Qxe2 Bxe5 17. dxe5 Nxc3 18. bxc3 Qe7 19. Qe3 Rfe8 20. Rae1 b6
21. cxb6 axb6 22. Re2 Ra4 23. Qd3 c6 24. e6 Re4 25. Rxe4 dxe4 26. exf7+ Qxf7
27. Qe3 c5 28. h4 Qf4 29. hxg5 hxg5 30. Re1 Qxe3 31. Rxe3 Kf7 32. Kh2 Kf6 33.
Kg3 Ra8 34. Rxe4 Rxa2 35. Kf3 b5 36. g4 Ra4 37. Re3 Rf4+ 38. Kg3 b4 39. cxb4
cxb4 40. f3 Rc4 41. Kf2 Rc2+ 42. Ke1 Rc3 43. Re8 b3 44. Rb8 Ke5 45. Ke2 Kf4 46.
Rb4+ Kg3 47. Rb5 Kh4 48. Rb4 Rc2+ 49. Kd3 Rf2 50. Ke4 b2 51. Rb3 Kg3 52. f4+
Kxg4 53. fxg5 Kxg5 1/2-1/2

[Event "FBL 1"]
[Site "?"]
[Date "2017.01.22"]
[Round "4.3"]
[White "Horvath, Maria"]
[Black "Schulze, Lara"]
[Result "0-1"]
[WhiteElo "1978"]
[BlackElo "1920"]
[PlyCount "74"]
[EventDate "2016.10.22"]
[EventType "team-tourn"]
[EventCountry "GER"]
[WhiteTeam "Augsburg SG"]
[BlackTeam "Lehrte SK"]
[WhiteTeamCountry "GER"]
[BlackTeamCountry "GER"]

1. d4 Nf6 2. c4 e6 3. Nc3 Bb4 4. e3 b6 5. Nge2 c5 6. a3 Ba5 7. Rb1 Na6 8. dxc5
bxc5 9. f3 O-O 10. Qd3 d5 11. Bd2 Rb8 12. Nb5 Bd7 13. Bxa5 Qxa5+ 14. Qc3 Qb6
15. a4 dxc4 16. Na3 Nd5 17. Qd2 Bxa4 18. Nxc4 Qc7 19. e4 Ndb4 20. Nc3 Rfd8 21.
Qc1 Bc2 22. Ra1 Bd3 23. Na3 Bxf1 24. Kxf1 Nd3 25. Qe3 Rxb2 26. Nc4 Rf2+ 27. Kg1
Nab4 28. Rd1 Nc2 29. Qg5 h6 30. Qh4 Ncb4 31. e5 Rc2 32. Nb5 Qb8 33. Nbd6 Nxe5
34. Nxe5 Rxd6 35. Rxd6 Qxd6 36. Qe1 Qd4+ 37. Kf1 Qb2 0-1